Who composed that opera? - Statistics

General Stats
  • This quiz has been taken 590 times
  • The average score is 17 of 28
Answer Stats
Hint Answer % Correct
Carmen Georges Bizet
95%
La traviata Giuseppe Verdi
93%
Fidelio Ludwig van Beethoven
92%
Tristan und Isolde Richard Wagner
91%
Tosca Giacomo Puccini
89%
Porgy and Bess George Gershwin
82%
La clemenza di Tito Wolfgang Amadeus Mozart
81%
Eugene Onegin Pyotr Ilyich Tchaikovsky
77%
Der Rosenkavalier Richard Strauss
77%
Xerxes George Frideric Handel
67%
Les contes d'Hoffmann Jacques Offenbach
67%
Semiramide Gioachino Rossini
63%
Nixon in China John Adams
61%
Dido and Aeneas Henry Purcell
56%
I puritani Vincenzo Bellini
55%
Candide Leonard Bernstein
54%
Pelléas et Mélisande Claude Debussy
53%
The Love for Three Oranges Sergei Prokofiev
52%
Bluebeard's Castle Béla Bartók
50%
Orfeo ed Euridice Christoph Willibald Gluck
49%
Lulu Alban Berg
48%
Lady Macbeth of the Mtsensk District Dmitri Shostakovich
41%
Oberon Carl Maria von Weber
36%
Ruslan and Lyudmila Mikhail Glinka
36%
The Threepenny Opera Kurt Weill
34%
Cendrillon Jules Massenet
32%
The Snow Maiden Nikolai Rimsky-Korsakov
24%
Euridice Jacopo Peri
13%
No matching quizzes found
Score Distribution
Percent of People with Each Score
Percentile by Number Answered
Your Score History
You have not taken this quiz